000 00633nam a2200217Ia 4500
003 IT-RoPAU
008 120407s9999 xx 000 0 und d
040 _aIT-RoPAU
040 _cIT-RoPAU
041 _alat
100 _aAlexius Lépicier
100 _ccard.
245 _aDiatessaron seu concordia 4 Evangeliorum (4 v.) - In Actus Apostolorum commentarii (2 v.) - In Canticum Canticorum commentarius - In Epistolam S. Pauli ad Hebraeos comm. - In librum psalmorum commentarius (2 v.)
250 _aRoma
260 _aBuona Stampa
260 _c1930
300 _c22 cm
490 _v1
942 _cBK
999 _c23977
_d23977